Drôme - mort subite - Statistiques

Statistiques générales
  • Ce quiz a été pris 54 fois
    39 depuis la dernière actualisation
  • Le résultat moyen est 13 sur 18
Answers on the Grid
Answers color-coded by a green-red scale on the quiz's grid according to % correct below.
Le massif du Vercors
Vienne
Bruxelles
Le Rhône
Le vallon de la Jarjatte
Le lieu le plus chaud de la France
Romans-sur-Isère
Nyons
Kalemie
Le château de Grignan
Berne
Pierrelatte
Benue
Malatya
Le domaine de la Bouvaude
Tain-l'Hermitage
Casanare
Nitra
Flensbourg
Anneyron
Rome
Toulon
Valence
Reggio d'Émilie
Montélimar
Le domaine du Tunnel
Sergipe
Die
Des vignobles de Crozes-Hermitage
Gera
La Maison Chapoutier
Jujuy
Des lieux de production du saint-marcellin
Un sommet de 2000 m
Iligan
Lyon
 
Statistiques - réponses
Réponse % Correct
Valence
93%
Le massif du Vercors
86%
Le Rhône
86%
Une Appellation d’Origine Contrôlée Des vignobles de Crozes-Hermitage
82%
Montélimar
82%
Célèbre pour ses olives Nyons
82%
Romans-sur-Isère
82%
Tain-l'Hermitage
82%
Des lieux de production du saint-marcellin
79%
Die
79%
Le château de Grignan
79%
Pierrelatte
79%
Le Rocher Rond, 2453 m Un sommet de 2000 m
75%
La Maison Chapoutier
64%
Le domaine de la Bouvaude
57%
Le vallon de la Jarjatte
46%
Anneyron
39%
Le domaine du Tunnel
36%
Aucun quiz correspondant
Distribution des résultats
% des personnes avec chaque résultat
Percentile par nombre de réponses
Votre historique - résultats
Vous n’avez pas pris ce quiz depuis la dernière actualisation